Anglicko-slovenský a slovensko-anglický výkladový slovník slov a výrazov z marketingu a marketingového manažmentu

Salvato in:
Dettagli Bibliografici
Autore principale: Jurčo, Vladislav
Altri autori: Körmendy, Viliam, Konštiak, Pavol
Natura: Libro
Lingua:slovacco
inglese
Pubblicazione: Bratislava Körmendy Viliam 2005
Soggetti:
Tags: Aggiungi Tag
Nessun Tag, puoi essere il primo ad aggiungerne!!

MARC

LEADER 00000nam$a2200000$$$4500
001 0034175
005 20240318113156.7
020 |a 80-969322-8-4 
041 0 |a slo 
041 0 |a eng 
044 |a SK 
245 1 0 |a Anglicko-slovenský a slovensko-anglický výkladový slovník slov a výrazov z marketingu a marketingového manažmentu  |c Vladislav Jurčo - Viliam Körmendy - Pavol Konštiak 
264 1 |a Bratislava  |b Körmendy Viliam  |c 2005 
300 |a 143 s. 
610 2 0 |a jazykoveda 
610 2 0 |a terminológia 
610 2 0 |a marketing 
610 2 0 |a marketing manažment 
610 2 0 |a jazyky cudzie 
100 1 |a Jurčo, Vladislav 
700 1 |a Körmendy, Viliam 
700 1 |a Konštiak, Pavol